Statistics for Tekken 1 all characters

Click here to take the quiz!

General Stats

  • This quiz has been taken 44 times
  • The average score is 11 of 18

Answer Stats

HintAnswer% Correct
GalaxianDevil Kazuya
89%
Unlockable (only in PSX Version)Heihachi Mishima
79%
Available at startLaw
79%
Available at startNina Williams
79%
Available at startPaul Phoenix
75%
Available at startKazuya Mishima
71%
Available at startYoshimitsu
68%
Unlockable (only in PSX Version)Anna Williams
61%
Unlockable (only in PSX Version)Armor King
61%
Available at startKing
61%
Unlockable (only in PSX Version)Kuma
61%
Unlockable (only in PSX Version)Lee Chaolan
61%
Available at startJack
57%
Unlockable (only in PSX Version)Prototype Jack
57%
Available at startMichelle Chang
46%
Unlockable (only in PSX Version)Kunimitsu
43%
Unlockable (only in PSX Version)Wang Jinrei
43%
Unlockable (only in PSX Version)Ganryu
36%

Score Distribution

Percentile by Number Answered

Percent of People with Each Score

Your Score History

You have not taken this quiz